000
00327nam a22001457a 4500
008
210312b ||||| |||| 00| 0 eng d
020
_a
0534622267
041
_a
eng
080
_2
10th
_a
612.39
082
_2
10th
_a
612.39
100
_a
10
101
_a
NUT
245
_a
Understanding Nutrition
_c
Whitney,E
942
_2
udc
_c
BK
999
_c
56580
_d
56580